Grateful Dead Discography - Statistics

General Stats
  • This quiz has been taken 121 times
    58 since last reset
  • The average score is 49 of 241
Answer Stats
Type Year Name % Correct
Album 1970 Workingman's Dead
87%
Album 1970 American Beauty
85%
Album 1971 Grateful Dead
83%
Live Album 1969 Live/Dead
83%
Album 1967 The Grateful Dead
80%
Album 1975 Blues for Allah
74%
Album 1978 Shakedown Street
74%
Album 1977 Terrapin Station
67%
Live Album 1997 Terrapin Station (Limited Edition)
67%
Album 1973 Wake of the Flood
67%
Album 1968 Anthem of the Sun
65%
Album 1974 From the Mars Hotel
65%
Album 1987 In the Dark
65%
Album 1969 Aoxomoxoa
63%
Album 1989 Built to Last
63%
Live Album 1972 Europe '72
63%
Box Set 2011 Europe '72: The Complete Recordings
63%
Live Album 2011 Europe '72 Volume 2
63%
Album 1980 Go to Heaven
63%
Live Album 2017 Cornell 5/8/77
52%
Documentary | Soundtrack 2017 Long Strange Trip
41%
Dick's Picks 1993 Dick's Picks Volume 1
39%
Live Album 1981 Dead Set
37%
Collaborative Live Album 1989 Dylan & the Dead
37%
Live Album 1981 Reckoning
37%
Film 1977 The Grateful Dead Movie
37%
Dick's Picks 1995 Dick's Picks Volume 2
33%
Dick's Picks 1996 Dick's Picks Volume 5
33%
Dick's Picks 1995 Dick's Picks Volume 3
30%
Live Album 1973 History of the Grateful Dead, Volume One (Bear's Choice)
30%
Live Album 1976 Steal Your Face
30%
Live Album 1990 Without a Net
30%
Dick's Picks 1998 Dick's Picks Volume 10
28%
Dick's Picks 1998 Dick's Picks Volume 11
28%
Dick's Picks 1998 Dick's Picks Volume 12
28%
Dick's Picks 1999 Dick's Picks Volume 13
28%
Dick's Picks 1999 Dick's Picks Volume 14
28%
Dick's Picks 1999 Dick's Picks Volume 15
28%
Dick's Picks 2000 Dick's Picks Volume 16
28%
Dick's Picks 2000 Dick's Picks Volume 17
28%
Dick's Picks 2000 Dick's Picks Volume 18
28%
Dick's Picks 2000 Dick's Picks Volume 19
28%
Dick's Picks 2001 Dick's Picks Volume 20
28%
Dick's Picks 1996 Dick's Picks Volume 4
28%
Dick's Picks 1996 Dick's Picks Volume 6
28%
Dick's Picks 1997 Dick's Picks Volume 7
28%
Dick's Picks 1997 Dick's Picks Volume 8
28%
Dick's Picks 1997 Dick's Picks Volume 9
28%
Dick's Picks 2001 Dick's Picks Volume 21
26%
Dick's Picks 2001 Dick's Picks Volume 22
26%
Dick's Picks 2001 Dick's Picks Volume 23
26%
Dick's Picks 2002 Dick's Picks Volume 24
26%
Dick's Picks 2002 Dick's Pick's Volume 25
26%
Dick's Picks 2002 Dick's Picks Volume 26
26%
Dick's Picks 2003 Dick's Picks Volume 27
26%
Dick's Picks 2003 Dick's Picks Volume 28
26%
Dick's Picks 2003 Dick's Picks Volume 29
26%
Dick's Picks 2003 Dick's Picks Volume 30
26%
Dick's Picks 2004 Dick's Picks Volume 32
26%
Dick's Picks 2004 Dick's Picks Volume 33
26%
Dick's Picks 2005 Dick's Picks Volume 34
26%
Dick's Picks 2005 Dick's Picks Volume 35
26%
Dick's Picks 2005 Dick's Picks Volume 36
26%
Live Album 2012 Winterland: May 30th 1971
24%
Dave's Picks 2012 Dave's Picks Volume 1
22%
Live Album 2022 Madison Square Garden, New York, NY 3/9/81
22%
Box Set 1999 So Many Roads (1965-1995)
22%
Promotional Sampler 1999 So Many Roads (1965-1995) Sampler
22%
Documentary 2013 Sunshine Daydream
22%
Box Set 2015 30 Trips Around the Sun
20%
Live Compilation 2015 30 Trips Around the Sun: The Definitive Live Story 1965-1995
20%
Dave's Picks 2014 Dave's Picks Volume 10
20%
Dave's Picks 2014 Dave's Picks Volume 11
20%
Dave's Picks 2014 Dave's Picks Volume 12
20%
Dave's Picks 2015 Dave's Picks Volume 13
20%
Dave's Picks 2015 Dave's Picks Volume 14
20%
Dave's Picks 2015 Dave's Picks Volume 15
20%
Dave's Picks 2015 Dave's Picks Volume 16
20%
Dave's Picks 2016 Dave's Picks Volume 17
20%
Dave's Picks 2016 Dave's Picks Volume 18
20%
Dave's Picks 2016 Dave's Picks Volume 19
20%
Dave's Picks 2012 Dave's Picks Volume 2
20%
Dave's Picks 2016 Dave's Picks Volume 20
20%
Dave's Picks 2017 Dave's Picks Volume 21
20%
Dave's Picks 2017 Dave's Picks Volume 22
20%
Dave's Picks 2017 Dave's Picks Volume 23
20%
Dave's Picks 2017 Dave's Picks Volume 24
20%
Dave's Picks 2018 Dave's Picks Volume 25
20%
Dave's Picks 2018 Dave's Picks Volume 26
20%
Dave's Picks 2018 Dave's Picks Volume 27
20%
Dave's Picks 2018 Dave's Picks Volume 28
20%
Dave's Picks 2019 Dave's Picks Volume 29
20%
Dave's Picks 2012 Dave's Picks Volume 3
20%
Dave's Picks 2019 Dave's Picks Volume 30
20%
Dave's Picks 2019 Dave's Picks Volume 31
20%
Dave's Picks 2019 Dave's Picks Volume 32
20%
Dave's Picks 2020 Dave's Picks Volume 33
20%
Dave's Picks 2020 Dave's Picks Volume 34
20%
Dave's Picks 2020 Dave's Picks Volume 35
20%
Dave's Picks 2020 Dave's Picks Volume 36
20%
Dave's Picks 2021 Dave's Picks Volume 37
20%
Dave's Picks 2021 Dave's Picks Volume 38
20%
Dave's Picks 2021 Dave's Picks Volume 39
20%
Dave's Picks 2012 Dave's Picks Volume 4
20%
Dave's Picks 2021 Dave's Picks Volume 40
20%
Dave's Picks 2022 Dave's Picks Volume 41
20%
Dave's Picks 2022 Dave's Picks Volume 42
20%
Dave's Picks 2022 Dave's Picks Volume 43
20%
Dave's Picks 2013 Dave's Picks Volume 5
20%
Dave's Picks 2013 Dave's Picks Volume 6
20%
Dave's Picks 2013 Dave's Picks Volume 7
20%
Dave's Picks 2013 Dave's Picks Volume 8
20%
Dave's Picks 2014 Dave's Picks Volume 9
20%
Live Album 2012 Spring 1990: So Glad You Made It
20%
Live Album 2014 Spring 1990 (The Other One)
20%
Compilation 2015 The Best of the Grateful Dead
20%
Dick's Picks 2004 Dick's Picks 31
17%
Live Album 1991 One from the Vault
17%
Compilation 1974 Skeletons from the Closet: The Best of Grateful Dead
17%
Live Album 2010 Crimson White & Indigo
15%
Live Compilation 1991 Infrared Roses
15%
Live Album 2018 Pacific Northwest '73-'74: Believe It If You Need It
15%
Live Album 2016 Red Rocks: 7/8/78
15%
Road Trips 2007 Road Trips Volume 1 Number 1
15%
Road Trips 2008 Road Trips Volume 1 Number 2
15%
Road Trips 2008 Road Trips Volume 1 Number 3
15%
Road Trips 2008 Road Trips Volume 1 Number 4
15%
Road Trips 2008 Road Trips Volume 2 Number 1
15%
Road Trips 2009 Road Trips Volume 2 Number 2
15%
Road Trips 2009 Road Trips Volume 2 Number 3
15%
Road Trips 2009 Road Trips Volume 3 Number 1
15%
Road Trips 2010 Road Trips Volume 3 Number 2
15%
Road Trips 2010 Road Trips Volume 3 Number 3
15%
Road Trips 2010 Road Trips Volume 3 Number 4
15%
Road Trips 2010 Road Trips Volume 4 Number 1
15%
Road Trips 2011 Road Trips Volume 4 Number 2
15%
Road Trips 2011 Road Trips Volume 4 Number 3
15%
Road Trips 2011 Road Trips Volume 4 Number 4
15%
Road Trips 2011 Road Trips Volume 4 Number 5
15%
Box Set 2001 The Golden Road (1965-1973)
15%
Soundtrack 2005 Truckin' Up to Buffalo
15%
Live Album 1992 Two from the Vault
15%
Live Album 2014 Wake Up to Find Out
15%
Live Album 1996 Dozin' at the Knick
13%
Live Compilation 1997 Fallout from the Phil Zone
13%
Live Album 2005 Fillmore West 1969
13%
Live Album 2018 Fillmore West 1969: February 27th
13%
Live Album 2019 Fillmore West 1969: February 28th
13%
Box Set 2005 Fillmore West 1969: The Complete Recordings
13%
Live Album 2020 Fillmore West, San Francisco, CA, 8/21/68
13%
Live Album 2021 Fox Theatre, St. Louis, MO 12-10-71
13%
Live Album 1995 Hundred Year Hall
13%
Live Album 2018 Pacific Northwest '73-'74: The Complete Recordings
13%
Live Album 2008 Rocking the Cradle: Egypt 1978
13%
Live Album 2012 Spring 1990
13%
Live Album 2007 Three from the Vault
13%
Live Album 2009 To Terrapin: Hartford '77
13%
Video Album 2003 View from the Vault, Volume Four
13%
Video Album 2000 View from the Vault, Volume One
13%
Live Album 2012 Dark Star
11%
Live Album 2002 Go to Nassau
11%
Live Album 2000 Ladies and Gentlemen... the Grateful Dead
11%
Live Album 2001 Nightfall of Diamonds
11%
Live Compilation 2002 Postcards of the Hanging
11%
Live Album 2005 Rare Cuts and Oddities 1966
11%
Live Album 2019 Ready or Not
11%
Live Album 2004 Rockin' the Rhein with the Grateful Dead
11%
Live Album 2019 Saint of Circumstance
11%
Live Box Set 2002 Steppin' Out with the Grateful Dead: England '72
11%
Live Album 2003 The Closing of Winterland
11%
Video Album 2002 View from the Vault, Volume Three
11%
Video Album 2001 View from the Vault, Volume Two
11%
Documentary 1998 Anthem to Beauty
9%
Live Compilation 2003 Birth of the Dead
9%
LIve Album 2010 Formerly the Warlocks
9%
Live Album 1994 Grayfolded
9%
Live Album 1971 Historic Dead
9%
Live Album 2022 In and Out of the Garden: Madison Square Garden '81, '82, '83
9%
Live Album 2016 July 1978: The Complete Recordings
9%
Live Album 2020 June 1976
9%
Live Album 2021 Listen to the River: St. Louis '71 '72 '73
9%
Live Album 2007 Live at the Cow Palace
9%
Live Album 2022 Lyceum Theatre, London, England 5/26/72
9%
Live Album 2013 May 1977
9%
Live Album 2017 May 1977: Get Shown the Light
9%
Live Album 2005 The Grateful Dead Movie Soundtrack
9%
Live Album 2008 Winterland 1973: The Complete Recordings
9%
Live Album 2020 Buffalo 5/9/77
7%
Box Set 1987 Dead Zone: The Grateful Dead CD Collection (1977-1987)
7%
Digital Download 2005 Grateful Dead Download Series Volume 1
7%
Digital Download 2006 Grateful Dead Download Series Volume 10
7%
Digital Download 2006 Grateful Dead Download Series Volume 11
7%
Digital Download 2006 Grateful Dead Download Series Volume 12
7%
Digital Download 2005 Grateful Dead Download Series Volume 2
7%
Digital Download 2005 Grateful Dead Download Series Volume 3
7%
Digital Download 2005 Grateful Dead Download Series Volume 4
7%
Digital Download 2005 Grateful Dead Download Series Volume 5
7%
Digital Download 2005 Grateful Dead Download Series Volume 6
7%
Digital Download 2005 Grateful Dead Download Series Volume 7
7%
Digital Download 2005 Grateful Dead Download Series Volume 8
7%
Digital Download 2006 Grateful Dead Download Series Volume 9
7%
Live Album 1997 Live at the Fillmore East 2-11-69
7%
Live Album 2022 Lyceum '72: The Complete Recordings
7%
Live Album 2018 Playing in the Band, Seattle, Washington, 5/21/74
7%
Road Trips 2009 Road Trips Volume 2 Number 4
7%
Documentary 1987 So Far
7%
Compilation 1996 The Arista Years
7%
Box Set 2020 The Story of the Grateful Dead
7%
Live Album 1970 Vintage Dead
7%
Compilation 1977 What a Long Strange Trip It's Been
7%
Live Album 2009 Winterland June 1977: The Complete Recordings
7%
Box Set 2004 Beyond Description (1973-1989)
4%
Live Album 2016 Capitol Theatre, Passaic, NJ, 4/25/77
4%
Video Album 1997 Downhill from Here
4%
Live Album 2022 Fillmore West 1969: March 1st
4%
Compilation 2011 Flashback with the Grateful Dead
4%
Live Album 2019 Giants Stadium 1987, 1989, 1991
4%
Video Album 1981 Grateful Dead: Dead Ahead
4%
Live Album 2014 Houston, Texas 11-18-1972
4%
Live Album 2021 Light into Ashes
4%
Live Album 2014 Live at Hampton Coliseum
4%
Live Album 2018 Portland Memorial Coliseum, Portland, OR, 5/19/74
4%
Digital Download 2008 Road Trips Full Show: Spectrum 11/5/79
4%
Digital Download 2008 Road Trips Full Show: Spectrum 11/6/79
4%
Live Album 2017 Robert F. Kennedy Stadium, Washington, D.C., July 12 & 13, 1989
4%
Compilation 2019 Sage & Spirit
4%
Compilation 1997 Selections from the Arista Years
4%
Live Album 2016 Shrine Exposition Hall, Los Angeles, CA 11/10/1967
4%
Live Compilation 2018 The Best of the Grateful Dead Live
4%
Compilation 2003 The Very Best of Grateful Dead
4%
Live Album 2019 The Warfield, San Francisco, California, October 9 & 10, 1980
4%
Video Album 1996 Ticket to New Year's
4%
Video Box Set 2012 All the Years Combine: The DVD Collection
2%
Documentary 1992 Backstage Pass
2%
Documentary 1987 Dead Ringers: The Making of Touch of Grey
2%
Live Album 2013 Family Dog at the Great Highway, San Francisco, CA 4/18/70
2%
Digital Download 2005 Grateful Dead Download Series: Family Dog at the Great Highway
2%
Video Album 1992 Infrared Sightings
2%
Live Album 2017 July 29 1966, P.N.E. Garden Aud., Vancouver Canada
2%
Box Set 2010 The Warner Bros. Studio Albums
2%
No matching quizzes found
Score Distribution
Percent of People with Each Score
Percentile by Number Answered
Your Score History
You have not taken this quiz since the last reset